| 000 | 00832nam a22001697a 4500 | ||
|---|---|---|---|
| 005 | 20220224141747.0 | ||
| 008 | 220224b ||||| |||| 00| 0 eng d | ||
| 020 | _a978140003084 | ||
| 050 | _aHV6432.7.W75 | ||
| 100 | _9The looming tower . / | ||
| 245 |
_aThe looming tower. _cLawrence Wright |
||
| 260 |
_aNew York; _bVintage, _c2005. |
||
| 300 |
_axv,550p.: _bills and diagrams. _c21cm. |
||
| 500 | _aIncludes Index. | ||
| 505 | _aContents: Prologue -- The martyr -- The spotting club -- The founder -- Change -- The founder -- The change -- The miracles -- The base -- Return of the hero -- Paradise -- The silicon valley -- Paradise lost -- The prince of darkness -- The boy spies -- Hijira -- Going operational-- Bread water -- Now it begins -- The new millennium -- Broom -- The big wedding -- Revelations. | ||
| 942 |
_2lcc _cBK |
||
| 999 |
_c8797 _d16297 |
||